| 000 | 00593nam a22001817a 4500 | ||
|---|---|---|---|
| 008 | 120229t xxu||||| |||| 00| 0 eng d | ||
| 020 | _a0521466741 | ||
| 050 | _aHD47.4.C82 | ||
| 245 |
_aCost-benefit analysis / _cedited by Richard Layard and Stephen Glaister |
||
| 260 |
_aNew York: _bCambridge University Press, _cc1994. |
||
| 300 |
_ax, 497 p.: _bill; _c24cm. |
||
| 500 | _aIncludes index. | ||
| 505 | _aContents: Theoretical issues -- How to value things -- Case studies. | ||
| 650 | _aCost effectiveness. | ||
| 700 | _aLayard, Richard | ||
| 700 | _aGlaister, Stephen | ||
| 942 |
_2lcc _cBK |
||
| 999 |
_c632 _d8132 |
||